000 00681nam a2200253Ia 4500
003 0100
008 130303s9999 xx 000 0 und d
020 _a0802837883
040 _cARRUPELIB
050 _aBS1140.2.L25 1996
100 _aLaSor, William Sanford
245 _aOld Testament survey
245 _bThe message, form, and background of the Old Testament
250 _a2nd edition
260 _aGrand Rapids
260 _bEerdmans
260 _C1996
300 _axvii
300 _b 860p 24cm
650 _bKenya - Politics - 1963-
650 _cConflict management - Kenya
700 _aHubbard, David Allan; Bush, Frederic William
942 _2lcc
_03
999 _c67695
_d67695